01012nam a22002171 450000100060000000300080000600500170001400800390003103500190007004000270008904100080011608200240012424501260014826000590027430000350033350000840036850400290045250502460048165100280072770000390075527674BD-RjUL20211209051203.0140325r19661927nyuabch b 000 0 eng a(BD-RjUL)27753 aDLCcDLCdBD-RjULbeng aeng00a974.4bCOM V-3 196600aCommonwealth history of Massachusetts /cAlbert Bushnell Hart.nVolume Third :pCommonwealth of Massachusetts, 1775-1820. aNew York :bRussell & Russell,c1927 [Reprinted 1966]. axiii, 580 p. :bill. ;c22 cm. aHalf title: Commonwealth history of Massachusetts; colony, province, and state. aIncludes bibliographies.0 av. 1. Colony of Massachusetts Bay, 1605 689.--v. 2. Province of Massachusetts, 1689-1775.--v. 3. Commonwealth of Massachusetts, 1775-1820.--v. 4. Nineteenth century Massachusetts, 1820-1889.--v. 5. Twentieth century Massachusetts, 1889-1930. 0aMassachusettsxHistory.1 aHart, Albert Bushnell,d1854-1943.